00219nam a2200097Ia 4500008004100000041001200041100001700053245003800070260000600108650000700114221030s9999 xx 000 0 und d aEnglish aY. K. Sharma 0aHotel Managementcby Y. K. Sharma c0 aMb